| 000 | 00566nam a22002057a 4500 | ||
|---|---|---|---|
| 003 | OSt | ||
| 005 | 20240424122005.0 | ||
| 008 | 150612b xxu||||| |||| 00| 0 eng d | ||
| 020 | _a9780470039403 | ||
| 040 | _cDDC | ||
| 082 | _a515.6 BOY 2009 | ||
| 100 |
_aBoyce,William E; DiPrima,C. Richard; _95276 |
||
| 245 | _aElementary Differential Equations | ||
| 250 | _a9th ed. | ||
| 260 |
_aEngland; _bPearson, _c2009 |
||
| 300 |
_axiii,632p; _bCol. ill: _c27cm |
||
| 504 | _aAnswers, & index included | ||
| 650 |
_aDifferential equations _95277 |
||
| 942 |
_2ddc _cO_SHELF |
||
| 999 |
_c7664 _d7664 |
||